Súčasné trendy a nové generácie odstraňovania farbív z odpadových vôd
Saved in:
| Main Author: | |
|---|---|
| Other Authors: | |
| Format: | Manuscript Book |
| Language: | Slovak |
| Published: |
2018
|
| Subjects: | |
| Online Access: | http://is.stuba.sk/zp/portal_zp.pl?podrobnosti=146933 |
| Tags: |
No Tags, Be the first to tag this record!
|
MARC
| LEADER | 00000ntm a22000003a 4500 | ||
|---|---|---|---|
| 001 | stuzp69519 | ||
| 003 | SK-STU | ||
| 005 | 20200520131731.8 | ||
| 007 | ta | ||
| 008 | 150427s2015----xo-----f-mn---000-0-slo-d | ||
| 040 | |a STU |b slo | ||
| 041 | 0 | |a slo | |
| 100 | 1 | |a Čechová, Ľudmila |u 065000 |4 aut |U MTF Materiálovotechnologická fakulta |T MTF Ústav integrovanej bezpečnosti |X 71733 |U M5000 |Y 85 |7 71733 | |
| 242 | 0 | 1 | |a Current trends and new generations of dyes removal from waste water |y eng |
| 245 | 1 | 0 | |a Súčasné trendy a nové generácie odstraňovania farbív z odpadových vôd |
| 260 | |c 2018 | ||
| 650 | 4 | |a farbivá |2 slo | |
| 650 | 4 | |a znečistenie |2 slo | |
| 650 | 4 | |a odpadová voda |2 slo | |
| 650 | 4 | |a odstraňovania farbív |2 slo | |
| 650 | 4 | |a dyes |2 eng | |
| 650 | 4 | |a pollution |2 eng | |
| 650 | 4 | |a waste water |2 eng | |
| 650 | 4 | |a methods of dyes removal |2 eng | |
| 700 | 1 | |a Bartošová, Alica |u 065000 |k Z2 |4 ths |U MTF Materiálovotechnologická fakulta |T MTF Ústav integrovanej bezpečnosti |X 37521 |U M5000 |Y 85 |7 37521 | |
| 856 | 4 | |u http://is.stuba.sk/zp/portal_zp.pl?podrobnosti=146933 | |
| 996 | |c M* BP-8243 |l MMSKP |s P |a 0 |w stuzp69519_0001 | ||